000 00605nam a2200217Ia 4500
005 20250508164456.0
008 008 250505s9999 xx 000 0 eng d
037 _aTextual
040 _aFEDL
_beng
_cFEDL
041 _aeng
_2eng
084 _a305.4, SAR
_qFEDL
100 _aSarkar Tanika Ed.
245 0 _aWomen and the hindu right : A collection of essays
260 _aNew Delhi, India
_bKali for Women
_c1995
300 _a337p.
365 _aINR
_b300
650 _aWomen
700 _a Butalia Urvashi Ed.
_9778247
942 _cTEXL
_h305.4, SAR
999 _c1389316
_d1389316